[Event "2. Bundesliga West 2019/20"]
[Site "Wolfurt"]
[Date "2019.10.06"]
[Round "3"]
[Board "2"]
[White "Neuberger, Guido"]
[Black "Eybl, Alexander"]
[Result "1-0"]
[WhiteElo "2246"]
[BlackElo "2288"]
[PlyCount "79"]
[EventDate "2019.10.04"]
[EventType "team"]
[EventRounds "11"]
[EventCountry "AUT"]
[WhiteTeam "Wolfurt"]
[BlackTeam "Pradl"]

1. d4 d5 2. Bf4 Nf6 3. e3 e6 4. Nd2 Bd6 5. Bg3 c5 6. c3 Nc6 7. Ngf3 O-O 8. Bd3
b6 9. e4 Be7 10. Ne5 Bb7 11. Nxc6 Bxc6 12. e5 Ne4 13. O-O Nxg3 14. fxg3 b5 15.
Qh5 g6 16. Qh3 b4 17. Nf3 bxc3 18. bxc3 c4 19. Bc2 Qa5 20. Qh6 Qxc3 21. Rac1
Qa3 22. h4 Rab8 23. h5 Be8 24. Kh2 f5 25. exf6 Bxf6 26. hxg6 hxg6 27. Bxg6 Qe7
28. Ng5 Qg7 29. Qh7+ Qxh7+ 30. Bxh7+ Kh8 31. Nxe6 Bd7 32. Nxf8 Rxf8 33. Bf5 Bc6
34. Bc2 Kg7 35. Rf4 Rh8+ 36. Kg1 Bg5 37. Rg4 Kh6 38. Rf1 Bd7 39. Bf5 Be3+ 40.
Kh2  1-0

[Event "2. Bundesliga West 2019/20"]
[Site "Wolfurt"]
[Date "2019.10.06"]
[Round "3"]
[Board "3"]
[White "Bezler, Rainer"]
[Black "Donev, Ivo"]
[Result "1/2-1/2"]
[WhiteElo "2222"]
[BlackElo "2319"]
[PlyCount "85"]
[EventDate "2019.10.04"]
[EventType "team"]
[EventRounds "11"]
[EventCountry "AUT"]
[WhiteTeam "Pradl"]
[BlackTeam "Wolfurt"]

1. d4 d5 2. c4 e6 3. Nf3 Be7 4. g3 Nf6 5. Bg2 O-O 6. O-O dxc4 7. Qc2 a6 8. Qxc4
b5 9. Qc2 Bb7 10. Bd2 Nbd7 11. Ba5 Rc8 12. Nbd2 Qe8 13. b4 Bd6 14. Rfd1 e5 15.
Nb3 exd4 16. Nc5 Nxc5 17. bxc5 Be4 18. Qc1 Be5 19. Nxd4 Bxg2 20. Kxg2 Bxd4 21.
Rxd4 Qxe2 22. c6 Rfe8 23. Qf4 Re4 24. Rxe4 Qxe4+ 25. Qxe4 Nxe4 26. a4 Nd6 27.
axb5 Nxb5 28. Rd1 Na7 29. Rc1 f6 30. Kf3 Kf7 31. h4 Ke6 32. Ke4 Re8 33. Bxc7
Rc8 34. Bf4 Rxc6 35. Ra1 Nb5 36. g4 h6 37. h5 Nc3+ 38. Kd3 Nd5 39. Bd2 f5 40.
g5 hxg5 41. Bxg5 Nf6 42. Bxf6 Kxf6 43. Kd4 {Weitere ZÃ¼ge unklar.....}  1/2-1/2

[Event "2. Bundesliga West 2019/20"]
[Site "Wolfurt"]
[Date "2019.10.06"]
[Round "3"]
[Board "4"]
[White "Janko, Ladislav"]
[Black "Meier, Alexander"]
[Result "1-0"]
[WhiteElo "2184"]
[BlackElo "2206"]
[PlyCount "79"]
[EventDate "2019.10.04"]
[EventType "team"]
[EventRounds "11"]
[EventCountry "AUT"]
[WhiteTeam "Wolfurt"]
[BlackTeam "Pradl"]

1. e4 g6 2. d4 Bg7 3. Nc3 d6 4. Bg5 a6 5. Qd2 Nd7 6. f3 b5 7. Nge2 Bb7 8. h4 h5
9. Nd1 c5 10. c3 Ngf6 11. Nf2 Rc8 12. g3 Qc7 13. Bh3 O-O 14. O-O Rfe8 15. Kg2
e6 16. Rfc1 Nb6 17. b3 c4 18. b4 Bc6 19. g4 Nbd7 20. Ng3 hxg4 21. Bxg4 Nxg4 22.
Nxg4 f5 23. Nh6+ Bxh6 24. Bxh6 Nf6 25. Qg5 Qf7 26. exf5 exf5 27. h5 Kh7 28. Rh1
gxh5 29. Qxf5+ Qg6 30. Qxg6+ Kxg6 31. Bf4 Rcd8 32. Kf2 Rh8 33. Rag1 Kf7 34. Bg5
Rdg8 35. Bxf6 Kxf6 36. Rxh5 Bd7 37. Ne4+ Ke7 38. Rxg8 Rxh5 39. Rg7+ Kd8 40.
Rxd7+  1-0

[Event "2. Bundesliga West 2019/20"]
[Site "Wolfurt"]
[Date "2019.10.06"]
[Round "3"]
[Board "5"]
[White "Doskocil, Klaus"]
[Black "Berchtold, Guenter"]
[Result "1-0"]
[WhiteElo "2188"]
[BlackElo "1934"]
[PlyCount "65"]
[EventDate "2019.10.04"]
[EventType "team"]
[EventRounds "11"]
[EventCountry "AUT"]
[WhiteTeam "Pradl"]
[BlackTeam "Wolfurt"]

1. d4 d5 2. Bf4 Bf5 3. c3 e6 4. Nd2 Nd7 5. e3 Ngf6 6. Ngf3 h6 7. h3 Ne4 8. Nxe4
Bxe4 9. Nd2 Bg6 10. Be2 Be7 11. O-O O-O 12. c4 c6 13. Qb3 Qb6 14. c5 Qxb3 15.
axb3 Rfe8 16. b4 f6 17. Bg4 Kf7 18. Ra3 h5 19. Bf3 e5 20. Bg3 Bd8 21. Rfa1 a6
22. b5 e4 23. Be2 Nb8 24. bxa6 Nxa6 25. Bxa6 bxa6 26. Rxa6 Rc8 27. b4 Re7 28.
Bd6 Rb7 29. Ra7 Rxa7 30. Rxa7+ Kg8 31. Nb1 Bf7 32. Nc3 g5 33. Na4  1-0

[Event "2. Bundesliga West 2019/20"]
[Site "Wolfurt"]
[Date "2019.10.06"]
[Round "3"]
[Board "6"]
[White "Notegger, Peter"]
[Black "Nussbaumer, Leon"]
[Result "1-0"]
[WhiteElo "1931"]
[BlackElo "1975"]
[PlyCount "55"]
[EventDate "2019.10.04"]
[EventType "team"]
[EventRounds "11"]
[EventCountry "AUT"]
[WhiteTeam "Wolfurt"]
[BlackTeam "Pradl"]

1. d4 d5 2. Bf4 Nf6 3. e3 e6 4. Nd2 Bd6 5. Bg3 c5 6. c3 O-O 7. Bd3 Nc6 8. Ngf3
h6 9. e4 Bxg3 10. hxg3 dxe4 11. Nxe4 cxd4 12. cxd4 Nxe4 13. Bxe4 Ne7 14. Qd2 f5
15. Bc2 b6 16. Ne5 Bb7 17. Bb3 Bd5 18. Bxd5 Nxd5 19. O-O-O Rc8+ 20. Kb1 Rc7 21.
Rc1 Rxc1+ 22. Rxc1 Re8 23. Qc2 Qd6 24. Qa4 Re7 25. Rc8+ Kh7 26. Ra8 a5 27. g4
fxg4 28. Qc2+  1-0

[Event "2. Bundesliga West 2019/20"]
[Site "Neumarkt"]
[Date "2019.10.06"]
[Round "3"]
[Board "1"]
[White "Krivoborodov, Egor"]
[Black "Pitl, Gregory"]
[Result "1-0"]
[WhiteElo "2517"]
[BlackElo "2373"]
[PlyCount "77"]
[EventDate "2019.10.04"]
[EventType "team"]
[EventRounds "11"]
[EventCountry "AUT"]
[WhiteTeam "ASK Salzburg"]
[BlackTeam "Royal Salzburg"]

1. d4 d5 2. Bf4 c5 3. e3 cxd4 4. exd4 Nc6 5. c3 f6 6. Bd3 e5 7. Bg3 g6 8. Ne2
Be6 9. O-O Nge7 10. dxe5 fxe5 11. Nd2 Bg7 12. c4 O-O 13. Nc3 dxc4 14. Bxc4 Bxc4
15. Nxc4 Nf5 16. Re1 Qd4 17. Qb3 Nxg3 18. Nxe5+ Kh8 19. Nf7+ Rxf7 20. Qxf7 Ne5
21. Rxe5 Qxe5 22. hxg3 b5 23. Qb7 Rb8 24. Qxa7 b4 25. Na4 Qd6 26. Re1 Bd4 27.
Qe7 Qxg3 28. Qf7 Qh4 29. Qf3 Rc8 30. g3 Qh6 31. Qf7 Qg7 32. Re8+ Rxe8 33. Qxe8+
Qg8 34. Qd7 Qc4 35. Kg2 Kg8 36. b3 Qd3 37. Nc5 Qd2 38. Qd8+ Kf7 39. Qd5+  1-0

[Event "2. Bundesliga West 2019/20"]
[Site "Neumarkt"]
[Date "2019.10.06"]
[Round "3"]
[Board "2"]
[White "De Visser, Leon"]
[Black "Burschowsky, Matthias"]
[Result "1/2-1/2"]
[WhiteElo "2224"]
[BlackElo "2249"]
[PlyCount "213"]
[EventDate "2019.10.04"]
[EventType "team"]
[EventRounds "11"]
[EventCountry "AUT"]
[WhiteTeam "Royal Salzburg"]
[BlackTeam "ASK Salzburg"]

1. c4 c5 2. g3 g6 3. Bg2 Bg7 4. Nc3 Nc6 5. a3 a6 6. e3 d6 7. Nge2 Nf6 8. Rb1
O-O 9. O-O Rb8 10. b4 Bf5 11. d3 cxb4 12. axb4 Qd7 13. b5 axb5 14. Rxb5 Na7 15.
Rb6 Qc7 16. Rb3 e5 17. Ba3 Bd7 18. Qb1 Bc6 19. Nd5 Nxd5 20. Bxd5 Bxd5 21. cxd5
b5 22. Nc3 Qb6 23. Ne4 Rfd8 24. Rc1 Bf8 25. Bb4 Rbc8 26. Ra3 Rxc1+ 27. Qxc1 Qb8
28. Qa1 Nc8 29. Ba5 Nb6 30. Rb3 Qa8 31. Rxb5 Rb8 32. Qb2 Nd7 33. Rxb8 Nxb8 34.
Qb5 Qa6 35. Qxb8 Qxa5 36. Nf6+ Kg7 37. Nd7 Be7 38. Qe8 Qd8 39. Qxd8 Bxd8 40.
Nb8 Bb6 41. Kf1 f5 42. e4 Bc7 43. Nc6 Kf6 44. f3 h5 45. Ke2 Bb6 46. d4 exd4 47.
Kd3 g5 48. h3 g4 49. fxg4 hxg4 50. hxg4 fxg4 51. Nxd4 Ke5 52. Nf5 Bf2 53. Ne3
Bxg3 54. Nxg4+ Kf4 55. Ne3 Ke5 56. Nc4+ Kf6 57. Kc3 Be1+ 58. Kb3 Ke7 59. Ka4
Kd7 60. Kb5 Kc7 61. Ka6 Bf2 62. Na3 Bc5 63. Nb5+ Kc8 64. Nc3 Bd4 65. Ne2 Be3
66. Ng3 Kc7 67. Nf5 Bc5 68. Ng7 Ba3 69. Ne6+ Kd7 70. Kb7 Ke7 71. Nf4 Kd7 72.
Nd3 Bc5 73. Nb2 Bg1 74. Nc4 Bh2 75. Nb6+ Ke7 76. Kc6 Kd8 77. Nc4 Ke7 78. Kc7
Bf4 79. Na5 Ke8 80. Nc6 Bg3 81. Nd4 Bf4 82. Nf5 Kf7 83. Kc6 Kf6 84. Nxd6 Ke5
85. Kd7 Bh2 86. Ke7 Bf4 87. Nf7+ Kxe4 88. Ke6 Kd4 89. Nh8 Bb8 90. Ng6 Kc5 91.
Ne5 Bc7 92. Nc6 Bd6 93. Nd8 Bg3 94. Nf7 Bb8 95. Ne5 Bc7 96. Nd7+ Kd4 97. Nf6
Bh2 98. Ne8 Kc5 99. Nf6 Kd4 100. Nh7 Bf4 101. Nf8 Bh2 102. Ng6 Bg3 103. Ne7 Kc5
104. Nc6 Bc7 105. Ne5 Kd4 106. d6 Bxd6 107. Kxd6  1/2-1/2

[Event "2. Bundesliga West 2019/20"]
[Site "Neumarkt"]
[Date "2019.10.06"]
[Round "3"]
[Board "3"]
[White "Besner, Bernhard"]
[Black "Durakovic, Alman"]
[Result "1/2-1/2"]
[WhiteElo "2155"]
[BlackElo "2292"]
[PlyCount "49"]
[EventDate "2019.10.04"]
[EventType "team"]
[EventRounds "11"]
[EventCountry "AUT"]
[WhiteTeam "ASK Salzburg"]
[BlackTeam "Royal Salzburg"]

1. e4 c6 2. d4 d5 3. exd5 cxd5 4. c4 Nf6 5. Nc3 Nc6 6. Nf3 Bg4 7. cxd5 Nxd5 8.
Qb3 Bxf3 9. gxf3 Nb6 10. d5 Nd4 11. Bb5+ Nd7 12. Qa4 Nxb5 13. Nxb5 a6 14. Nc3
g6 15. O-O Bg7 16. Re1 O-O 17. Bg5 Bf6 18. Bxf6 Nxf6 19. Rad1 Re8 20. Qd4 Rc8
21. Ne4 Nh5 22. Ng3 Nf6 23. Ne4 Nh5 24. Ng3 Nf6 25. Ne4  1/2-1/2

[Event "2. Bundesliga West 2019/20"]
[Site "Neumarkt"]
[Date "2019.10.06"]
[Round "3"]
[Board "4"]
[White "Pflug, Mathias"]
[Black "Scheiblmaier, Robert"]
[Result "1-0"]
[WhiteElo "2285"]
[BlackElo "2177"]
[PlyCount "39"]
[EventDate "2019.10.04"]
[EventType "team"]
[EventRounds "11"]
[EventCountry "AUT"]
[WhiteTeam "Royal Salzburg"]
[BlackTeam "ASK Salzburg"]

1. e4 e6 2. d4 d5 3. Nc3 Bb4 4. e5 Bd7 5. Qg4 g6 6. Bg5 Qc8 7. Nge2 Bb5 8.
O-O-O Bxc3 9. Nxc3 Bxf1 10. Rhxf1 a6 11. Nxd5 h6 12. Nf6+ Nxf6 13. Bxf6 Rg8 14.
Qf4 g5 15. Qe4 Nd7 16. d5 Nxf6 17. exf6 Rg6 18. dxe6 Rxf6 19. exf7+ Kxf7 20.
Qh7+  1-0

[Event "2. Bundesliga West 2019/20"]
[Site "Neumarkt"]
[Date "2019.10.06"]
[Round "3"]
[Board "5"]
[White "Herrmann, Michael"]
[Black "Leeb, Simon"]
[Result "0-1"]
[WhiteElo "2123"]
[BlackElo "2203"]
[PlyCount "78"]
[EventDate "2019.10.04"]
[EventType "team"]
[EventRounds "11"]
[EventCountry "AUT"]
[WhiteTeam "ASK Salzburg"]
[BlackTeam "Royal Salzburg"]

1. c4 c6 2. b3 d5 3. Nf3 Bg4 4. Ne5 Bf5 5. d4 Nf6 6. Nc3 e6 7. e3 Bb4 8. Bd2
Nbd7 9. Nxd7 Qxd7 10. Be2 O-O 11. O-O Rad8 12. a3 Bd6 13. c5 Bb8 14. f4 Ne4 15.
Nxe4 Bxe4 16. Be1 f6 17. Bd3 Bxd3 18. Qxd3 e5 19. fxe5 fxe5 20. Bh4 Rde8 21.
Rxf8+ Rxf8 22. Rf1 Rxf1+ 23. Qxf1 exd4 24. exd4 Qg4 25. Bf2 Qe4 26. Qe1 Kf7 27.
Qd1 Ke6 28. g3 g6 29. Qc1 Kf5 30. Qh6 Kg4 31. Qf8 Bc7 32. h3+ Kxh3 33. Qh6+ Kg4
34. Qh4+ Kf3 35. Qh1+ Ke2 36. Qxh7 Qb1+ 37. Kh2 Kxf2 38. Qf7+ Qf5 39. Qxc7 Qh5#
 0-1

[Event "2. Bundesliga West 2019/20"]
[Site "Neumarkt"]
[Date "2019.10.06"]
[Round "3"]
[Board "6"]
[White "Wieneroiter, Gerald"]
[Black "Flatz, Helmut"]
[Result "1-0"]
[WhiteElo "2147"]
[BlackElo "1877"]
[PlyCount "49"]
[EventDate "2019.10.04"]
[EventType "team"]
[EventRounds "11"]
[EventCountry "AUT"]
[WhiteTeam "Royal Salzburg"]
[BlackTeam "ASK Salzburg"]

1. Nf3 d5 2. g3 c6 3. Bg2 Nf6 4. O-O g6 5. d4 Bg7 6. b3 O-O 7. Bb2 b6 8. c4 Bb7
9. Nc3 Nbd7 10. Ne5 e6 11. cxd5 Nxd5 12. Ne4 N7f6 13. Nd2 Re8 14. Rc1 Rc8 15.
a3 c5 16. dxc5 Rxc5 17. Rxc5 bxc5 18. Qc2 Qe7 19. Rc1 Bf8 20. e4 Nb6 21. Qc3
Bg7 22. Ng4 Nh5 23. Qc2 Bxb2 24. Qxb2 Nd7 25. Nh6+  1-0

[Event "2. Bundesliga West 2019/20"]
[Site "Neumarkt"]
[Date "2019.10.06"]
[Round "3"]
[Board "2"]
[White "Ruecker, Benjamin"]
[Black "Egger, Martin"]
[Result "1-0"]
[WhiteElo "2238"]
[BlackElo "2007"]
[PlyCount "119"]
[EventDate "2019.10.04"]
[EventType "team"]
[EventRounds "11"]
[EventCountry "AUT"]
[WhiteTeam "Schwarzach"]
[BlackTeam "Sparkasse Neumarkt"]

1. d4 d5 2. c4 e6 3. g3 Nf6 4. Bg2 Be7 5. Nf3 O-O 6. O-O dxc4 7. Qc2 a6 8. a4
Bd7 9. Rd1 Bc6 10. Nc3 Bxf3 11. Bxf3 Nc6 12. Bxc6 bxc6 13. a5 Rb8 14. Qa4 Rb4
15. Qxc6 Qd6 16. Qf3 e5 17. dxe5 Qxe5 18. Qc6 Qe6 19. Qxc7 Rc8 20. Qf4 h6 21.
Qf3 Rb3 22. e3 Rc5 23. Rd4 Rb4 24. h4 Rf5 25. Rf4 Rxf4 26. Qxf4 Bd6 27. Qf3 Bc7
28. e4 Rb3 29. Qf5 Qxf5 30. exf5 Be5 31. Nd1 Rd3 32. Ne3 c3 33. bxc3 Rxc3 34.
Rb1 Rc5 35. Bd2 Bc7 36. Ra1 Ne4 37. Bb4 Rb5 38. Ra4 Nd6 39. g4 f6 40. Kf1 Kf7
41. Ke2 g6 42. fxg6+ Kxg6 43. h5+ Kf7 44. Kd3 Nb7 45. Nf5 Nc5+ 46. Bxc5 Rxc5
47. Nxh6+ Kg7 48. Nf5+ Kf7 49. Rd4 Bxa5 50. Rd7+ Ke6 51. Rd6+ Ke5 52. Rxa6 Rc3+
53. Ke2 Bb4 54. Ne3 Bf8 55. f4+ Kd4 56. Ra4+ Kc5 57. Re4 Bh6 58. Nf5 Kd5 59.
Re3 Rxe3+ 60. Kxe3  1-0

[Event "2. Bundesliga West 2019/20"]
[Site "Neumarkt"]
[Date "2019.10.06"]
[Round "3"]
[Board "3"]
[White "Donegani, Peter"]
[Black "Roeberg, Frank"]
[Result "0-1"]
[WhiteElo "2082"]
[BlackElo "2194"]
[PlyCount "88"]
[EventDate "2019.10.04"]
[EventType "team"]
[EventRounds "11"]
[EventCountry "AUT"]
[WhiteTeam "Sparkasse Neumarkt"]
[BlackTeam "Schwarzach"]

1. e4 e5 2. Nf3 Nc6 3. d4 exd4 4. Nxd4 Nf6 5. Nxc6 bxc6 6. e5 Qe7 7. Qe2 Nd5 8.
h4 a5 9. g3 Ba6 10. c4 Nb6 11. b3 a4 12. Nd2 Bb7 13. Rb1 axb3 14. axb3 c5 15.
Rh2 d6 16. exd6 cxd6 17. f4 d5 18. Qxe7+ Bxe7 19. cxd5 O-O 20. d6 Bxd6 21. Bb2
Ra2 22. Nc4 Bc7 23. Rf2 Re8+ 24. Be5 Raa8 25. Re2 Bxe5 26. Nxe5 Ba6 27. Nc4
Nxc4 28. bxc4 Bxc4 29. Rxe8+ Rxe8+ 30. Kf2 Bxf1 31. Kxf1 h5 32. Rc1 Rc8 33. Rc4
g6 34. Kf2 Kg7 35. f5 gxf5 36. Kf3 Kf6 37. Kf4 Rc6 38. Rc1 c4 39. Rc3 Rc5 40.
Kf3 Ke5 41. Ke3 f6 42. Rc1 c3 43. Rc2 Rc6 44. Kd3 f4  0-1

[Event "2. Bundesliga West 2019/20"]
[Site "Neumarkt"]
[Date "2019.10.06"]
[Round "3"]
[Board "4"]
[White "Ljubic, Juro"]
[Black "Preundler, Stefan"]
[Result "1-0"]
[WhiteElo "2162"]
[BlackElo "1929"]
[PlyCount "77"]
[EventDate "2019.10.04"]
[EventType "team"]
[EventRounds "11"]
[EventCountry "AUT"]
[WhiteTeam "Schwarzach"]
[BlackTeam "Sparkasse Neumarkt"]

1. b3 e5 2. Bb2 Nc6 3. e3 Nf6 4. Bb5 d6 5. d4 exd4 6. Bxc6+ bxc6 7. Qxd4 c5 8.
Qf4 Bb7 9. Nf3 Be7 10. O-O g5 11. Nxg5 Rg8 12. f3 Rg6 13. Nd2 h6 14. Qa4+ Qd7
15. Qxd7+ Kxd7 16. Nh3 Nd5 17. Kf2 Rag8 18. g3 h5 19. c4 Nb4 20. Nf4 Rg5 21. a3
Na6 22. Rg1 h4 23. g4 Rf8 24. e4 Rgg8 25. Nd5 Bxd5 26. exd5 c6 27. dxc6+ Kxc6
28. f4 Nc7 29. Rae1 Re8 30. Nf3 d5 31. Ne5+ Kb6 32. g5 Ne6 33. Kf3 Nd4+ 34.
Bxd4 cxd4 35. cxd5 Kb7 36. b4 f6 37. Nc6 Rg7 38. g6 Kc7 39. Rxe7+  1-0

[Event "2. Bundesliga West 2019/20"]
[Site "Neumarkt"]
[Date "2019.10.06"]
[Round "3"]
[Board "5"]
[White "Bruckner, Simon"]
[Black "Stoeckl, Norbert"]
[Result "0-1"]
[WhiteElo "1858"]
[BlackElo "2054"]
[PlyCount "120"]
[EventDate "2019.10.04"]
[EventType "team"]
[EventRounds "11"]
[EventCountry "AUT"]
[WhiteTeam "Sparkasse Neumarkt"]
[BlackTeam "Schwarzach"]

1. e4 c5 2. Nf3 e6 3. d4 cxd4 4. Nxd4 a6 5. Nc3 Qc7 6. Bd3 Nf6 7. O-O b5 8. a4
b4 9. Na2 Bb7 10. Qe2 d5 11. exd5 Nxd5 12. Bc4 Be7 13. Rd1 Nf4 14. Bxf4 Qxf4
15. Bxe6 O-O 16. Bh3 Bf6 17. Qg4 Qxg4 18. Bxg4 a5 19. c3 Na6 20. Be2 Rfd8 21.
Nb5 b3 22. Nc1 Nc5 23. Nd3 Ne6 24. Ne1 Ba6 25. Bf3 Rab8 26. Rxd8+ Rxd8 27. Rd1
Rb8 28. Nd4 Nxd4 29. cxd4 Rb4 30. Nd3 Rxd4 31. Nc5 Bc4 32. h3 g6 33. Kh2 Kg7
34. Rc1 Be7 35. Ne4 Bd3 36. Nc5 Bc2 37. Na6 Rxa4 38. Nc7 Ra2 39. Nd5 Bd6+ 40.
g3 Rxb2 41. Nc3 Bb4 42. Na4 Ra2 43. Bc6 Bd2 44. Rf1 b2 45. Nxb2 Rxb2 46. Ra1
Bb3 47. Kg1 Ra2 48. Rxa2 Bxa2 49. Ba4 Bc4 50. Kg2 Kf6 51. Kf3 Ke5 52. h4 h6 53.
Kg2 Kd4 54. Kf3 Kc5 55. g4 Kb4 56. Bc2 Bb3 57. Bb1 Bd1+ 58. Kg3 Bxg4 59. Ba2
Be6 60. Bb1 a4  0-1

[Event "2. Bundesliga West 2019/20"]
[Site "Neumarkt"]
[Date "2019.10.06"]
[Round "3"]
[Board "6"]
[White "Hasanovic, Nurija"]
[Black "Kriechbaum, Paul"]
[Result "1-0"]
[WhiteElo "2018"]
[BlackElo "1805"]
[PlyCount "115"]
[EventDate "2019.10.04"]
[EventType "team"]
[EventRounds "11"]
[EventCountry "AUT"]
[WhiteTeam "Schwarzach"]
[BlackTeam "Sparkasse Neumarkt"]

1. e4 g6 2. f4 d6 3. Nf3 Bg7 4. Bc4 e6 5. O-O h6 6. Qe1 a6 7. c3 Ne7 8. a4 b6
9. d4 Bb7 10. Bd3 Nd7 11. Be3 O-O 12. Nbd2 Nf6 13. h3 d5 14. e5 Nd7 15. a5 b5
16. b4 f5 17. exf6 Nxf6 18. Bf2 Bc8 19. Ne5 Qe8 20. g4 Nd7 21. Bh4 Bf6 22. Bg3
Nxe5 23. dxe5 Bg7 24. Qe3 Qc6 25. Rac1 Bb7 26. Nf3 Rac8 27. Nd4 Qd7 28. Bh4 Kh7
29. Bg3 Rf7 30. f5 gxf5 31. gxf5 Nxf5 32. Nxf5 Rxf5 33. Rxf5 exf5 34. e6 Qc6
35. Bxf5+ Kg8 36. Qc5 Qxc5+ 37. bxc5 Bc6 38. Bf2 Rf8 39. Bg6 Bf6 40. Bf7+ Rxf7
41. exf7+ Kxf7 42. Bd4 Bd8 43. Kf2 Bd7 44. Kg3 c6 45. Be5 Bc8 46. Ra1 Ke6 47.
Bd4 Bc7+ 48. Kg2 h5 49. Rf1 Ke7 50. Rf6 Bd7 51. Rh6 Be8 52. Bf6+ Kd7 53. Rh7+
Kc8 54. Re7 Bd7 55. Be5 Bxa5 56. Rh7 Bd8 57. Rh8 a5 58. Bf6  1-0

[Event "2. Bundesliga West 2019/20"]
[Site "Hotel Montfort, Galuragasse 7, 6800 Fekdkirch"]
[Date "2019.11.23"]
[Round "4"]
[Board "1"]
[White "Eybl, Alexander"]
[Black "Schlosser, Philipp"]
[Result "1/2-1/2"]
[WhiteElo "2288"]
[BlackElo "2514"]
[PlyCount "84"]
[EventDate "2019.10.04"]
[EventType "team"]
[EventRounds "11"]
[EventCountry "AUT"]
[WhiteTeam "Pradl"]
[BlackTeam "Jenbach 2"]

1. d4 Nf6 2. Nf3 d5 3. c4 e6 4. g3 dxc4 5. Bg2 a6 6. O-O Nc6 7. Nbd2 Nxd4 8.
Ne5 Bc5 9. Ndxc4 O-O 10. Be3 Ba7 11. b4 Nb5 12. Bxa7 Rxa7 13. Rc1 Qe7 14. a4
Nd6 15. Na5 Ra8 16. Qb3 Nd5 17. Rfd1 f6 18. Nd3 Nb6 19. Nc5 Ra7 20. e4 Kh8 21.
e5 fxe5 22. Re1 Qf7 23. Nd3 e4 24. Bxe4 Nxe4 25. Rxe4 Nd5 26. Nc4 b6 27. Nce5
Qe8 28. Nc6 Ra8 29. Nd4 Bd7 30. a5 bxa5 31. bxa5 Rb8 32. Qc4 Bb5 33. Nxb5 axb5
34. Qc5 b4 35. a6 Qg6 36. Rce1 Qf5 37. a7 Ra8 38. Nxb4 Nxb4 39. Qxf5 exf5 40.
Rxb4 Rxa7 41. Re7 Kg8 42. Rd4 c5  1/2-1/2

[Event "2. Bundesliga West 2019/20"]
[Site "Hotel Montfort, Galuragasse 7, 6800 Fekdkirch"]
[Date "2019.11.23"]
[Round "4"]
[Board "2"]
[White "Fedorovsky, Michael"]
[Black "Bezler, Rainer"]
[Result "1-0"]
[WhiteElo "2434"]
[BlackElo "2222"]
[PlyCount "123"]
[EventDate "2019.10.04"]
[EventType "team"]
[EventRounds "11"]
[EventCountry "AUT"]
[WhiteTeam "Jenbach 2"]
[BlackTeam "Pradl"]

1. d4 d5 2. c4 c6 3. Nf3 Nf6 4. e3 e6 5. Nbd2 Nbd7 6. Bd3 Bd6 7. O-O O-O 8. e4
dxe4 9. Nxe4 Nxe4 10. Bxe4 Nf6 11. Bc2 b6 12. Qd3 Bb7 13. Bg5 g6 14. Rad1 Be7
15. Rfe1 Re8 16. Ne5 Nd7 17. Qf3 Nxe5 18. dxe5 Qc7 19. Bxe7 Qxe7 20. Rd6 c5 21.
Qf6 Qxf6 22. exf6 e5 23. Ba4 Re6 24. Red1 Rf8 25. Rxe6 fxe6 26. Rd7 Be4 27.
Rg7+ Kh8 28. Rxa7 Rxf6 29. Ra6 Bd3 30. Rxb6 Bxc4 31. Bb3 Rf4 32. g3 Re4 33.
Bxc4 Rxc4 34. Rxe6 Rc2 35. Rb6 c4 36. a4 c3 37. bxc3 Rxc3 38. Rb7 Ra3 39. Ra7
e4 40. a5 e3 41. fxe3 Rxe3 42. Kf2 Ra3 43. a6 h6 44. Ke2 Ra5 45. Kd3 Rd5+ 46.
Kc4 Ra5 47. Kb4 Ra2 48. h4 g5 49. h5 Kg8 50. Kb5 Rb2+ 51. Kc5 Rc2+ 52. Kd5 Ra2
53. g4 Ra4 54. Ke5 Ra5+ 55. Kf6 Rc5 56. Re7 Rc6+ 57. Re6 Rc4 58. Re8+ Kh7 59.
Re7+ Kg8 60. a7 Ra4 61. Rb7 Ra5 62. Ke6  1-0

[Event "2. Bundesliga West 2019/20"]
[Site "Hotel Montfort, Galuragasse 7, 6800 Fekdkirch"]
[Date "2019.11.23"]
[Round "4"]
[Board "3"]
[White "Wohlfahrt, Herbert"]
[Black "Pali, Philipp"]
[Result "1-0"]
[WhiteElo "2265"]
[BlackElo "2249"]
[PlyCount "137"]
[EventDate "2019.10.04"]
[EventType "team"]
[EventRounds "11"]
[EventCountry "AUT"]
[WhiteTeam "Pradl"]
[BlackTeam "Jenbach 2"]

1. d4 Nf6 2. Nf3 d5 3. c4 e6 4. g3 Be7 5. Bg2 O-O 6. O-O dxc4 7. Qc2 b5 8. a4
b4 9. Nbd2 Bb7 10. Nxc4 Nbd7 11. Nfe5 Bxg2 12. Kxg2 Nxe5 13. dxe5 Nd7 14. Rd1
c5 15. b3 Qc7 16. Qe4 Rad8 17. Bb2 Nb8 18. Rac1 Nc6 19. f4 Rd7 20. f5 exf5 21.
Qxf5 Rfd8 22. e6 fxe6 23. Qxe6+ Kh8 24. Rf1 Bf8 25. Rf3 Qc8 26. Rcf1 Rc7 27.
Qd5 Re8 28. e4 Ne7 29. Qh5 Ng6 30. e5 Qe6 31. Rd3 Rd7 32. Qf3 Rxd3 33. Qxd3 Be7
34. Qf5 Nf8 35. Qxe6 Nxe6 36. Rd1 Rd8 37. Rxd8+ Bxd8 38. Kf3 Ng5+ 39. Ke3 Kg8
40. h4 Ne6 41. Ke4 Kf7 42. Kd5 h5 43. Nd6+ Ke7 44. Nc8+ Kd7 45. Nxa7 g5 46.
hxg5 Bxg5 47. Nb5 Bd8 48. Bc1 Bb6 49. Ke4 Bd8 50. Be3 Kc6 51. Nd6 h4 52. gxh4
Bxh4 53. Nc4 Bd8 54. Bf2 Ng7 55. a5 Ne6 56. Kf5 Nc7 57. e6 Kd5 58. Nb6+ Kc6 59.
Nc4 Kd5 60. Nb6+ Kc6 61. Ke5 Nb5 62. Nc4 Na3 63. Nb6 Nb5 64. Be3 Be7 65. Nc8
Bd6+ 66. Nxd6 Nxd6 67. a6 Nc8 68. Kf6 Kd6 69. Kf7  1-0

[Event "2. Bundesliga West 2019/20"]
[Site "Hotel Montfort, Galuragasse 7, 6800 Fekdkirch"]
[Date "2019.11.23"]
[Round "4"]
[Board "4"]
[White "Binder, Moriz"]
[Black "Matt, Stefan"]
[Result "1/2-1/2"]
[WhiteElo "2197"]
[BlackElo "2189"]
[PlyCount "69"]
[EventDate "2019.10.04"]
[EventType "team"]
[EventRounds "11"]
[EventCountry "AUT"]
[WhiteTeam "Jenbach 2"]
[BlackTeam "Pradl"]

1. d4 f5 2. Nf3 Nf6 3. c4 d6 4. Nc3 g6 5. g3 Bg7 6. Bg2 O-O 7. O-O Nc6 8. d5
Ne5 9. Nxe5 dxe5 10. c5 h6 11. Qb3 Kh8 12. Rd1 a6 13. Bd2 g5 14. Be1 e4 15. Na4
Qe8 16. Rac1 Bd7 17. c6 bxc6 18. dxc6 Bxc6 19. Nc5 Rb8 20. Qc2 Bd5 21. Nxa6 Rc8
22. Nxc7 Qf7 23. Qc5 Bxa2 24. Qxf5 e6 25. Qa5 Bb3 26. Rd6 Bd5 27. Rc3 Qh5 28.
Nxd5 exd5 29. Rxc8 Rxc8 30. Rd8+ Rxd8 31. Qxd8+ Kh7 32. Bc3 Qf7 33. h3 Nd7 34.
Qc7 Bxc3 35. Qxc3  1/2-1/2

[Event "2. Bundesliga West 2019/20"]
[Site "Hotel Montfort, Galuragasse 7, 6800 Fekdkirch"]
[Date "2019.11.23"]
[Round "4"]
[Board "5"]
[White "Praxmarer, Christian"]
[Black "Micheli, Carlo"]
[Result "0-1"]
[WhiteElo "1968"]
[BlackElo "2212"]
[PlyCount "74"]
[EventDate "2019.10.04"]
[EventType "team"]
[EventRounds "11"]
[EventCountry "AUT"]
[WhiteTeam "Pradl"]
[BlackTeam "Jenbach 2"]

1. f4 c5 2. e4 d5 3. Nc3 Nf6 4. Bb5+ Bd7 5. Bxd7+ Qxd7 6. e5 d4 7. exf6 dxc3 8.
Qe2 cxb2 9. Bxb2 gxf6 10. Bxf6 Rg8 11. Nf3 Nc6 12. O-O O-O-O 13. Bc3 Bg7 14.
Qc4 Qd5 15. Qxd5 Rxd5 16. Bxg7 Rxg7 17. Rfe1 e6 18. Re2 Rf5 19. Re4 b6 20. g3
Rd5 21. a3 h5 22. Kf2 Ne7 23. Re5 Rxe5 24. Nxe5 f6 25. Nf3 Nf5 26. a4 Rd7 27.
c3 Kc7 28. Re1 Kd6 29. h3 Rg7 30. Rg1 Kd5 31. d3 c4 32. d4 a6 33. g4 hxg4 34.
Rxg4 Ke4 35. Ke2 Ng3+ 36. Kf2 Rxg4 37. hxg4 Kxf4  0-1